00981cam a22003494i 4500003000900000005001700009008004100026035001800067040003300085082002200118100002700140245002200167264004900189300002800238336002100266337002500287338002300312505016000335526000900495526000900504526000900513526000900522526000900531526000900540526000800549526000800557526000800565526000800573526000800581526000800589650003400597PE-LiUPU20250731184604.0150616s r 000 0 d a(Sirsi) a5642 aPE-LiUPUbspacPE-LiUPUerda04a945.6409bP812211 aPoupard, Paul,eautor.13aEl Vaticano, Hoy. 1aBurgos, España :bEdiciones Burgos,c1967. a275 páginas ;c18 cm. atext2rdacontent aunmediated2rdamedia avolume2rdacarrier0 aLa ciudad del Vaticano.- El Papa.- La secretaria del estado.- La diplomacia pontificia.- Las congregaciones romanas.- Los tribunales, los oficios y anejos. aP136 aP135 aP134 aP133 aP144 aP143 aP87 aP35 aP20 aP14 aP10 aP0604aVATICANO (CIUDAD) - HISTORIA.